LEADER 02827nim a2200745 i 4500
001 106419
003 CZ PrNK
005 20260602072644.0
007 sd fungnnmmned
008 250916t20252025xr nnnng f n cze
024 3 |a 8595693411735 
040 |a ABA001  |b cze  |e rda 
041 1 |d cze  |h rus 
072 7 |a 821.161.1  |x Ruská literatura, rusky psaná  |2 Konspekt  |9 25 
080 |a 821.161.1-31  |2 MRF 
080 |a (=112.2)  |2 MRF 
080 |a 329.15  |2 MRF 
080 |a 323.15  |2 MRF 
080 |a 321.64  |2 MRF 
080 |a (47+57)  |2 MRF 
080 |a (470.4)  |2 MRF 
080 |a (0:82-311.6)  |2 MRF 
080 |a (086.7)08  |2 MRF 
080 |a (086.76)  |2 MRF 
100 1 |a Jachina, Guzel‘ Šamilevna,  |d 1977-  |7 pna2017966012  |4 aut  |9 115315 
240 1 0 |a Deti moi.  |l Česky 
245 1 0 |a Děti Volhy /  |c Guzel Jachina ; překlad Jakub Šedivý 
264 1 |a [Praha] :  |b Tympanum, s.r.o. :  |b Prostor,  |c 2025 
264 4 |c ℗2025 
300 |a 2 audiodisky (19 hod., 45 min.) ;  |c 12 cm 
336 |a mluvené slovo  |b spw  |2 rdacontent 
337 |a audio  |b s  |2 rdamedia 
338 |a audiodisk  |b sd  |2 rdacarrier 
344 |a digital 
500 |a Název z disku 
500 |a Podle stejnojmenné knihy vydané nakladatelstvím Prostor v roce 2020 
500 |a Nezkrácená verze na 2 mp3 CD 
508 |a Režie, Nikolaj Ivaskiv 
511 0 |a Čte Lukáš Hlavica 
648 7 |a 1901-1950  |7 ch460576  |2 czenas  |9 52906 
650 0 7 |a Němci  |7 ph117943  |y 1901-1950  |z Sovětský svaz  |2 czenas 
650 0 7 |a národnostní menšiny  |7 ph123424  |y 1901-1950  |z Sovětský svaz  |2 czenas 
650 0 7 |a bolševismus  |7 ph118961  |z Sovětský svaz  |2 czenas 
650 0 7 |a stalinismus  |7 ph126016  |z Sovětský svaz  |2 czenas 
650 0 9 |a Germans  |y 1901-1950  |z Soviet Union  |2 eczenas 
650 0 9 |a national minorities  |y 1901-1950  |z Soviet Union  |2 eczenas 
650 0 9 |a bolshevism  |z Soviet Union  |2 eczenas 
650 0 9 |a Stalinism  |z Soviet Union  |2 eczenas 
651 7 |a Povolží dolní (Rusko)  |7 ge163401  |2 czenas  |9 60179 
651 9 |a Volga River Region, Lower (Russia)  |2 eczenas 
655 7 |a ruské romány  |7 fd133320  |2 czenas  |9 53873 
655 7 |a historické romány  |7 fd132414  |2 czenas  |9 53624 
655 7 |a audioknihy  |7 fd119452  |2 czenas  |9 53385 
655 7 |a kompaktní disky  |7 fd201991  |2 czenas  |9 54543 
655 9 |a Russian fiction  |2 eczenas 
655 9 |a historical novels  |2 eczenas 
655 9 |a audiobooks  |2 eczenas 
655 9 |a compact discs  |2 eczenas 
700 1 |a Šedivý, Jakub  |7 xx0042539  |4 trl  |9 24962 
700 1 |a Ivaskiv, Nikolaj  |7 pna20211114387  |4 drt  |9 113576 
700 1 |a Hlavica, Lukáš,  |d 1965-  |7 js20051017086  |4 nrt  |9 107967 
910 |a UOG502 
942 |2 ddc  |c AK 
999 |d 106419 
993 |0 0  |1 421180107133  |2 ddc  |4 0  |7 0  |9 99840  |b 0  |c 107133  |d 2026-06-02  |e 0  |f DOSP  |h 528.00  |i Koupě  |l DOSP  |r 2026-06-02  |t 6  |w 2026-06-02  |y AK  |z AUDIO  |n